Statistics for Bosnia and Herzegovina Općina quiz

Click here to take the quiz!

General Stats

  • This quiz has been taken 69 times
  • The average score is 58 of 141

Answer Stats

RegijaOpćina% Correct
RS Regija Banja LukaBanja Luka
85%
FBiH Unsko-sanski kantonBihac
85%
FBiH Tuzlanski kantonTuzla
83%
RS Regija DobojDoboj
81%
FBiH Hercegovačko-neretvanski kantonMostar
81%
RS Regija PrijedorPrijedor
81%
RS Regija TrebinjeTrebinje
75%
RS Regija BijeljinaBijeljina
73%
Distrikt BrčkoBrcko
73%
FBiH Kanton 10Livno
73%
FBiH Zenicko-dobojski kantonZenica
73%
FBiH Unsko-sanski kantonCazin
71%
FBiH Srednjobosanski kantonJajce
65%
FBiH Hercegovačko-neretvanski kantonKonjic
63%
FBiH Srednjobosanski kantonTravnik
63%
FBiH Kanton SarajevoIlidza
62%
FBiH Hercegovačko-neretvanski kantonJablanica
62%
FBiH Unsko-sanski kantonKljuc
62%
FBiH Hercegovačko-neretvanski kantonNeum
62%
FBiH Unsko-sanski kantonSanski most
62%
FBiH Kanton 10Tomislavgrad
62%
FBiH Bosansko-podrinjski kantonGorazde
60%
FBiH Unsko-sanski kantonVelika Kladusa
60%
FBiH Srednjobosanski kantonBugojno
58%
RS Regija PrijedorNovi Grad
58%
FBiH Kanton SarajevoNovi grad
58%
RS Regija Istočno SarajevoPale
58%
RS Regija BijeljinaSrebrenica
58%
FBiH Kanton 10Drvar
56%
FBiH Hercegovačko-neretvanski kantonCapljina
54%
FBiH Tuzlanski kantonGracanica
54%
FBiH Srednjobosanski kantonNovi Travnik
54%
FBiH Zenicko-dobojski kantonVisoko
54%
RS Regija BijeljinaZvornik
54%
FBiH Srednjobosanski kantonGornji Vakuf
52%
FBiH Zenicko-dobojski kantonKakanj
52%
FBiH Posavski kantonOdzak
52%
FBiH Posavski kantonOrasje
52%
FBiH Zapadno-hercegovački kantonSiroki Brijeg
52%
FBiH Tuzlanski kantonSrebrenik
52%
RS Regija Istočno SarajevoVisegrad
52%
FBiH Srednjobosanski kantonDonji Vakuf
50%
FBiH Kanton SarajevoStari grad
50%
RS Regija DobojTeslic
50%
FBiH Srednjobosanski kantonVitez
50%
FBiH Unsko-sanski kantonBosanska Krupa
48%
FBiH Bosansko-podrinjski kanton | RS Regija Istočno SarajevoFoca
48%
FBiH Srednjobosanski kantonKiseljak
48%
FBiH Kanton 10 | RS Regija Banja LukaKupres
48%
FBiH Tuzlanski kantonLukavac
48%
RS Regija DobojSamac
48%
FBiH Kanton SarajevoVogosca
48%
FBiH Unsko-sanski kantonBosanski Petrovac
46%
FBiH Unsko-sanski kantonBuzim
46%
RS Regija Banja LukaGradiska
46%
RS Regija DobojModrica
46%
RS Regija Banja LukaPrnjavor
46%
FBiH Zenicko-dobojski kantonZavidovici
46%
FBiH Tuzlanski kantonGradacac
44%
FBiH Kanton SarajevoIlijas
44%
FBiH Kanton SarajevoNovo Sarajevo
44%
FBiH Tuzlanski kantonZivinice
44%
FBiH Tuzlanski kantonDoboj istok
42%
FBiH Zapadno-hercegovački kantonGrude
42%
FBiH Kanton SarajevoHadzici
42%
RS Regija Banja LukaLaktasi
42%
FBiH Zenicko-dobojski kantonMaglaj
42%
FBiH Zenicko-dobojski kantonOlovo
42%
FBiH Hercegovačko-neretvanski kantonStolac
42%
FBiH Zenicko-dobojski kantonTesanj
42%
FBiH Zenicko-dobojski kantonZepce
42%
RS Regija DobojBrod
40%
FBiH Zenicko-dobojski kantonDoboj jug
40%
FBiH Kanton 10Glamoc
40%
FBiH Tuzlanski kantonKalesija
40%
RS Regija Banja LukaMrkonjic grad
40%
FBiH Zapadno-hercegovački kantonPosusje
40%
FBiH Hercegovačko-neretvanski kantonProzor
40%
RS Regija Istočno SarajevoRogatica
40%
FBiH Srednjobosanski kantonFojnica
38%
FBiH Tuzlanski kantonKladanj
38%
RS Regija BijeljinaBratunac
37%
RS Regija DobojDerventa
37%
RS Regija TrebinjeGacko
37%
RS Regija TrebinjeLjubinje
37%
RS Regija TrebinjeNevesinje
37%
FBiH Kanton SarajevoTrnovo
37%
RS Regija BijeljinaVlasenica
37%
RS Regija TrebinjeBileca
35%
FBiH Kanton 10Bosansko Grahovo
35%
RS Regija Istočno SarajevoHan Pijesak
35%
RS Regija PrijedorKozarska Dubica
35%
RS Regija BijeljinaUgljevik
35%
FBiH Tuzlanski kantonBanovici
33%
FBiH Kanton SarajevoCentar
33%
RS Regija PrijedorKostajnica
33%
RS Regija Istočno SarajevoSokolac
33%
FBiH Hercegovačko-neretvanski kantonCitluk
31%
FBiH Tuzlanski kantonSapna
31%
RS Regija Banja LukaSipovo
31%
FBiH Srednjobosanski kantonBusovaca
29%
RS Regija TrebinjeIstocni Mostar
29%
FBiH Zenicko-dobojski kantonBreza
27%
RS Regija Banja LukaCelinac
27%
RS Regija Istočno SarajevoIstocno Novo Sarajevo
27%
RS Regija Banja LukaKotor Varos
27%
FBiH Hercegovačko-neretvanski kantonRavno
27%
RS Regija Istočno SarajevoCajnice
25%
RS Regija Istočno SarajevoIstocna Ilidza
25%
FBiH Zapadno-hercegovački kantonLjubuski
25%
RS Regija BijeljinaLopare
25%
RS Regija Banja LukaPetrovac
25%
FBiH Zenicko-dobojski kantonVares
25%
RS Regija Istočno SarajevoIstocni Stari grad
23%
RS Regija Banja LukaKnezevo
23%
FBiH Srednjobosanski kantonKresevo
23%
RS Regija Istočno SarajevoRudo
23%
FBiH Srednjobosanski kantonDobretici
21%
RS Regija Banja LukaJezero
21%
RS Regija BijeljinaSekovici
21%
RS Regija Banja LukaSrbac
21%
RS Regija PrijedorKrupa na Uni
19%
RS Regija BijeljinaMilici
19%
RS Regija Banja LukaRibnik
19%
FBiH Tuzlanski kantonTeocak
19%
RS Regija Banja LukaIstocni Drvar
17%
RS Regija PrijedorOstra Luka
17%
RS Regija TrebinjeBerkovici
15%
FBiH Bosansko-podrinjski kantonPraca
13%
RS Regija DobojDonji Zabar
12%
RS Regija DobojPelagicevo
12%
RS Regija Istočno SarajevoKalinovnik
10%
FBiH Zenicko-dobojski kantonUsora
10%
RS Regija Istočno SarajevoIstocno Trnovo
8%
RS Regija BijeljinaOsmaci
8%
RS Regija DobojPetrovo
8%
FBiH Posavski kantonPosavina
6%
RS Regija Istočno SarajevoUstipraca
4%
FBiH Tuzlanski kantonOsmanci
0%

Score Distribution

Percentile by Number Answered

Percent of People with Each Score

Your Score History

You have not taken this quiz